000 00688nam a2200205 4500
001 145457
003 ES-MaACL
005 20250703035747.0
007 t|
008 070214s1978 sp r ||||1| spa d
100 1 _aStern, Rafael.
_9108128
245 1 0 _aConfesiones de un judío /
_cRafael Stern ; prólogo de José Mª Gironella.
260 _a[Bilbao] :
_bDesclée de Brouwer,
_c[1978] (
_fEllacuría)
300 _a192 p. ;
_c21 cm.
490 1 _aEl credo que ha dado sentido a mi vida
700 1 _aGironella, José María,
_d1917-2003
_957298
830 0 _aEl credo que ha dado sentido a mi vida
_9192733
852 _aES-MaACL
_jA-8686
_bR.97573
999 _c145457
_d145457